ADVANCED CONSTRUCTION TECHNIQUES AND EQUIPMENT (Record no. 8123)

MARC details
000 -LEADER
fixed length control field 00451nam a22001697a 4500
005 - DATE AND TIME OF LATEST TRANSACTION
control field 20221219171717.0
008 - FIXED-LENGTH DATA ELEMENTS--GENERAL INFORMATION
fixed length control field 221219b |||||||| |||| 00| 0 eng d
020 ## - INTERNATIONAL STANDARD BOOK NUMBER
ISBN 978--935014--751-1
041 ## - LANGUAGE CODE
Language code of text/sound track or separate title eng
082 ## - DEWEY DECIMAL CLASSIFICATION NUMBER
Classification number 621.4-SAM-A
100 ## - MAIN ENTRY--AUTHOR NAME
Personal name SAMAL ,Dr. MANORANJAN
245 ## - TITLE STATEMENT
Title ADVANCED CONSTRUCTION TECHNIQUES AND EQUIPMENT
250 ## - EDITION STATEMENT
Edition statement 1st ed.
260 ## - PUBLICATION, DISTRIBUTION, ETC. (IMPRINT)
Place of publication NEW DELHI
Name of publisher S.K. KATARIA & SONS
Year of publication 2023
300 ## - PHYSICAL DESCRIPTION
Number of Pages 366;P.
942 ## - ADDED ENTRY ELEMENTS (KOHA)
Koha item type Books
Holdings
Lost status Damaged status Collection code Home library Current library Shelving location Date acquired Source of acquisition Cost, normal purchase price Full call number Accession Number Koha item type
    AGRICULTURE JRU Library JRU Library SHELF-2-A 07/11/2022 DONATED 425.00 621.4-SAM-A 27083 Books